[Event "Ch Hungary"]
[Site "masterchessopen.com Budapest (Hungary)"]
[Round "17"]
[White "Bokor Istvan (HUN)"]
[Black "Szilagyi Peter (HUN)"]
[Result "0-1"]
[WhiteElo "2226"]
[BlackElo "2373"]

1.d4 Nf6 2.c4 e6 3.Nc3 Bb4 4.e3 b6 5.Ne2 Ba6 6.Ng3 O-O 7.Qb3 c5 8.a3 Bxc3+
9.Qxc3 cxd4 10.exd4 d5 11.c5 Bxf1 12.Rxf1 Nc6 13.b4 bxc5 14.dxc5 Qb8 15.f3 a5
16.Rb1 axb4 17.axb4 Qb5 18.Ne2 Rfc8 19.Nd4 Nxd4 20.Qxd4 e5 21.Qb2 d4 22.Bd2
Nd7 23.Kf2 Nxc5 24.Kg1 h6 25.Qc2 Nd7 26.Qf5 Ra2 27.Rf2 g6 28.Qe4 Nf6 29.Qh4
Qd3 30.Rd1 Nd5 31.Qxh6 Ne3 {#R} 0-1

[Event "Ch Hungary"]
[Site "masterchessopen.com Budapest (Hungary)"]
[Round "10"]
[White "Bokor Istvan (HUN)"]
[Black "Toth Bela (ITA)"]
[Result "0-1"]
[WhiteElo "2226"]
[BlackElo "2345"]

1.d4 Nf6 2.c4 e6 3.Nc3 Bb4 4.e3 b6 5.Ne2 Ba6 6.a3 Bxc3+ 7.Nxc3 d5 8.b3 O-O
9.Bb2 Nc6 10.b4 Bxc4 11.Bxc4 dxc4 12.Qe2 b5 13.Nxb5 Qd5 14.Nxc7 Qxg2 15.Qf1
Qxf1+ 16.Rxf1 Rab8 17.O-O-O Rfc8 18.Na6 Rb6 19.Nc5 a5 20.bxa5 Nxa5 21.Kc2 Nd5
22.e4 Nf4 23.Bc3 Nb3 24.Bb4 Nd3 25.Nxd3 Nxd4+ 26.Kc3 Nb5+ 27.Kb2 cxd3 28.Rxd3
e5 29.Rd5 f6 30.Rc1 Ra8 31.Ka2 Rb7 32.Rcc5 Nd4 33.Kb2 Kf7 34.Kc3 g5 35.Kc4 h5
36.Ra5 Rc8+ 37.Rdc5 Rcb8 38.Ra6 g4 39.Bc3 Rd7 40.a4 Rb1 41.a5 {#R} 0-1

[Event "Cup Clare Benedict"]
[Site "masterchessopen.com Leysin (Switzerland)"]
[Round "3"]
[White "Donner Jan-Hein (NED)"]
[Black "Kupper Josef (SUI)"]
[Result "1-0"]
[WhiteElo "2430"]
[BlackElo "2374"]

1.d4 Nf6 2.c4 e6 3.Nc3 Bb4 4.e3 b6 5.Ne2 Ba6 6.Ng3 Bxc3+ 7.bxc3 d5 8.Qf3 O-O
9.cxd5 exd5 10.Bxa6 Nxa6 11.Qe2 Qc8 12.f3 Re8 13.O-O c5 14.e4 cxd4 15.cxd4
dxe4 16.fxe4 Qd7 17.Bb2 Nc7 18.Rxf6 gxf6 19.d5 Re5 20.Nh5 Qe7 21.Rd1 Ne8
22.Bxe5 Qxe5 23.Qg4+ Kf8 24.Ng3 Nd6 25.Qh4 Rc8 26.Qxh7 Rc2 27.Qh6+ Ke7 28.Qe3
Rxa2 29.h4 Kd7 30.h5 f5 31.Qg5 Ra1 32.Rxa1 Qxa1+ 33.Kh2 Qe5 34.exf5 a5 35.h6
a4 36.Qg7 Qf4 37.h7 Qh4+ 38.Kg1 {#r} 1-0

[Event "It \"]
[Site "masterchessopen.com Moscow (Russia)"]
[Round "13"]
[White "Portisch Lajos (HUN)"]
[Black "Spassky Boris V (FRA)"]
[Result "1-0"]
[WhiteElo "2523"]
[BlackElo "2548"]

1.d4 Nf6 2.c4 e6 3.Nc3 Bb4 4.e3 b6 5.Ne2 Ba6 6.Ng3 O-O 7.e4 Nc6 8.Bd3 d5 (
8...e5 9.d5 Bxc3+ 10.bxc3 Na5 11.f4 { ?! } ) 9.cxd5 Bxd3 10.Qxd3 exd5 11.e5
Ne4 12.a3 { ! } ( 12.f3 { ? } 12...Nc5 { ! } 13.dxc5 d4 { ?? } ) 12...Bxc3+
13.bxc3 f5 14.Ne2 Na5 15.h4 Nb3 16.Rb1 Nxc1 17.Rxc1 f4 18.Qf3 Qe7 ( 18...c6
19.c4 ( 19.Nxf4 Qc8 20.g3 Qa6 21.Qe2 Qxa3 22.O-O Qe7 23.Qe3 b5 24.Kg2 Rf7 )
19...b5 ) 19.c4 c6 20.cxd5 ( 20.Nxf4 Nc5 21.g3 Ne6 22.cxd5 Nxd4 23.Qe3 Qxe5
24.Qxe5 Nf3+ 25.Ke2 Nxe5 26.dxc6 { ?± } ) 20...cxd5 21.Nxf4 Qd7 ( 21...Qb7
22.g3 Qa6 23.Qe2 Qxa3 24.O-O ) 22.g3 Qb5 23.Qe2 Qa5+ 24.Kf1 Qxa3 25.Kg2 Rf7
26.Rc2 Raf8 27.Rhc1 h6 28.Qg4 Qa4 29.e6 Rxf4 30.gxf4 Qxd4 31.Rd1 Qf6 32.Rc7
Nc5 { ? } ( 32...h5 { ! } 33.Qxh5 Qxf4 34.Rf7 Rxf7 35.Qxf7+ Qxf7 36.exf7+ Kxf7
37.Rxd5 Ke6 ) 33.f5 Qe5 34.Rxa7 h5 35.Qg6 d4 36.Re1 Qf6 37.Qxf6 gxf6 38.Kf3 d3
39.Rg1+ Kh8 40.Rgg7 {#r} 1-0

[Event "It"]
[Site "masterchessopen.com Venice (Italy)"]
[Round "4"]
[White "Donner Jan-Hein (NED)"]
[Black "Kupper Patrick (SUI)"]
[Result "1-0"]
[WhiteElo "2430"]
[BlackElo "2292"]

1.d4 Nf6 2.c4 e6 3.Nc3 Bb4 4.e3 b6 5.Ne2 Ba6 6.a3 Bxc3+ 7.Nxc3 d5 8.b3 O-O
9.Be2 dxc4 10.bxc4 Nc6 11.a4 Na5 12.Ba3 Re8 13.Nb5 c6 14.Nd6 Re7 15.O-O Ne8
16.Nxe8 Rxe8 17.Qc2 Qc7 18.Rfd1 Rad8 19.Qc3 c5 20.dxc5 bxc5 21.Rxd8 Rxd8
22.Rb1 f6 23.Bf1 Nb7 24.Qc2 Qd7 25.h3 Kh8 26.Be2 Qc7 27.Qe4 Rd6 28.Bd3 f5
29.Qe5 Rc6 30.Qc3 Rb6 31.Rd1 Kg8 32.Bf1 Rd6 33.Qe5 Bxc4 34.Bxc5 Rc6 35.Qxc7
Rxc7 36.Bxa7 Bxf1 37.Kxf1 Rc4 38.Rd7 Na5 39.Bd4 g6 40.Rg7+ Kf8 41.Rxh7 Nc6
42.Bf6 Rxa4 43.Rg7 e5 44.Rxg6 Ra1+ 45.Ke2 Kf7 46.Rh6 Ra2+ 47.Kf3 Ra3 48.g4 f4
49.Ke4 {#r} 1-0

[Event "?"]
[Site "masterchessopen.com Czechoslovakia"]
[Round "0"]
[White "Kozma Edit (HUN)"]
[Black "Pachman Ludek (GER)"]
[Result "0-1"]
[WhiteElo "2009"]
[BlackElo "2278"]

1.d4 Nf6 2.c4 e6 3.Nc3 Bb4 4.e3 b6 5.Ne2 Ba6 6.Ng3 Bxc3+ 7.bxc3 d5 8.Ba3 Bxc4
9.Bxc4 dxc4 10.O-O Qd7 11.e4 Nc6 12.Qe2 h5 13.e5 Nd5 14.Ne4 Na5 15.f4 O-O-O
16.Qf3 Qa4 17.Bc1 g6 18.Rf2 Nb7 19.Rb1 Rd7 20.Rfb2 Rhd8 21.Be3 Kb8 22.Bf2 c6
23.h3 Qa3 24.Be1 c5 25.dxc5 Nxc5 26.Nxc5 Qxc5+ 27.Bf2 Qa3 28.Bd4 Rb7 29.g3
Rdd7 30.Kg2 Qa4 31.g4 Qc6 32.Kg3 hxg4 33.hxg4 Ne7 34.Qe3 Qc8 35.Rh1 Nc6 36.Rd2
Nxd4 37.Rxd4 Rxd4 38.cxd4 Rd7 39.Rc1 Qc6 40.Qc3 Rc7 {#R} 0-1

[Event "Olympiad"]
[Site "masterchessopen.com Lugano (Switzerland)"]
[Round "0"]
[White "Kottnauer Cenek (ENG)"]
[Black "Ree Hans (NED)"]
[Result "0-1"]
[WhiteElo "2370"]
[BlackElo "2379"]

1.d4 Nf6 2.c4 e6 3.Nc3 Bb4 4.e3 b6 5.Ne2 Ba6 6.Ng3 O-O 7.Bd3 d5 8.Qe2 c5
9.dxc5 Nbd7 10.cxd5 Bxd3 11.Qxd3 Nxc5 12.Qc2 Qxd5 13.O-O Qd3 14.Qxd3 Nxd3
15.Nb5 Rfd8 16.Nd4 Bc5 17.Nb3 Bf8 18.Rb1 Nc5 19.Nxc5 Bxc5 20.b3 h5 21.Rb2 Rac8
22.b4 Be7 23.a3 Rd3 24.Ra2 b5 25.Ne2 a6 26.f3 Nd5 27.Kf2 Nc3 28.Rd2 Nxe2
29.Kxe2 Rb3 30.Rfd1 Bf6 31.Rd3 Rb1 32.Bd2 Rb2 33.Rd6 Rcc2 34.Kd3 Rc8 35.Rc1
Rxc1 36.Bxc1 Rxg2 37.Rxa6 Rxh2 38.Rb6 h4 39.Rxb5 h3 40.Rh5 g6 41.Rc5 Rg2 {#R}
0-1

[Event "It"]
[Site "masterchessopen.com Manila (Philippines)"]
[Round "13"]
[White "Gligoric Svetozar (SRB)"]
[Black "Rodriguez Ruben (PHI)"]
[Result "1-0"]
[WhiteElo "2447"]
[BlackElo "2445"]

1.d4 Nf6 2.c4 e6 3.Nc3 Bb4 4.e3 b6 5.Ne2 Ba6 6.Ng3 Bxc3+ 7.bxc3 d5 8.f3 O-O
9.cxd5 Bxf1 10.Kxf1 exd5 11.Kf2 c5 12.Re1 Nc6 13.a4 Rc8 14.Ba3 Na5 15.Kg1 Re8
16.Ra2 Qd7 17.e4 dxe4 18.fxe4 Nc4 19.Bc1 cxd4 20.cxd4 Qc6 21.Rae2 Rcd8 22.Kh1
Qd7 23.d5 Qg4 24.Qb3 Rc8 25.h3 Qg6 26.Bf4 Ne5 27.Nf5 Rcd8 28.d6 Kh8 29.Ne7 Qh5
30.Bxe5 Qxe5 31.Nc6 {#r} 1-0

[Event "Ch Iceland (play-off)"]
[Site "masterchessopen.com Reykjavik (Iceland)"]
[Round "7"]
[White "Solmundarson Magnus (ISL)"]
[Black "Magnusson Olafur (ISL)"]
[Result "0-1"]
[WhiteElo "2219"]
[BlackElo "2183"]

1.d4 Nf6 2.c4 e6 3.Nc3 Bb4 4.e3 b6 5.Ne2 Ba6 6.a3 Bxc3+ 7.Nxc3 d5 8.b3 O-O
9.Bd3 dxc4 10.bxc4 Nc6 11.Nb5 e5 12.d5 Na5 13.e4 c6 14.dxc6 Nxc6 15.O-O Nd7
16.Be3 Nc5 17.Bxc5 bxc5 18.Nc3 Qd4 19.Nb5 Bxb5 20.cxb5 Na5 21.Qc2 c4 22.Be2
Qc5 23.Rac1 Rac8 24.Rfd1 Nb3 25.Rb1 Nd4 26.Qa2 c3 27.Rbc1 c2 28.Re1 Qc3 29.Bg4
Qxe1+ {#R} 0-1

[Event "Olympiad"]
[Site "masterchessopen.com Siegen (Germany)"]
[Round "8"]
[White "Bouwmeester Hans (NED)"]
[Black "Mednis Edmar J (USA)"]
[Result "1-0"]
[WhiteElo "2343"]
[BlackElo "2381"]

1.d4 Nf6 2.c4 e6 3.Nc3 Bb4 4.e3 b6 5.Ne2 Ba6 6.Ng3 Bxc3+ 7.bxc3 d5 8.Qf3 O-O
9.cxd5 exd5 10.Bxa6 Nxa6 11.Qe2 Qc8 12.O-O c5 13.f3 cxd4 14.cxd4 Qc4 15.Qxc4
dxc4 16.e4 Rfd8 17.Nf5 Rd7 18.Bg5 Ne8 19.Rfc1 f6 20.Be3 Rc8 21.Rab1 g6 22.Ng3
Kf7 23.Ne2 Nd6 24.Nc3 Nc7 25.d5 Na6 26.Bf4 Rc5 27.Rb2 Ke7 28.Rd1 Nc7 29.a4
Nce8 30.Be3 Ra5 31.f4 f5 32.e5 Ne4 33.d6+ Kf7 34.Nxe4 fxe4 35.Rb4 c3 36.Rxe4
Ke6 37.Rc1 Ng7 38.g4 h5 39.h3 b5 40.Rxc3 bxa4 41.Ra3 hxg4 42.hxg4 g5 43.Bd2
Rd5 {#r} 1-0

[Event "Ch URS (young masters)"]
[Site "masterchessopen.com Riga (Latvia)"]
[Round "0"]
[White "Mukhin Mikhail (RUS)"]
[Black "Podgaets Mikhail (UKR)"]
[Result "0-1"]
[WhiteElo "2420"]
[BlackElo "2485"]

1.d4 Nf6 2.c4 e6 3.Nc3 Bb4 4.e3 b6 5.Ne2 Ba6 6.a3 Bxc3+ 7.Nxc3 d5 8.b4 Bxc4
9.Bxc4 dxc4 10.Qe2 c5 11.dxc5 bxc5 12.Qxc4 Nbd7 13.O-O O-O 14.Rd1 Qc8 15.b5 a6
16.Bb2 Ne5 17.Qf4 Ng6 18.Qf3 axb5 19.Nxb5 Qb8 20.a4 Nd5 21.Rdb1 Rd8 22.Qe4 Qb6
23.h4 h5 24.g3 e5 25.Qf5 c4 26.Qxh5 Nxe3 27.Qe2 Nf5 28.h5 Nxg3 29.Qg4 Nxh5
30.Qxh5 Rd2 31.Qf3 Rad8 32.Bc1 Nh4 33.Qg3 Rd1+ 34.Kh2 Qc6 {#R} 0-1

[Event "Olympiad"]
[Site "masterchessopen.com Skopje (Macedonia)"]
[Round "1"]
[White "Solmundarson Magnus (ISL)"]
[Black "Carpinter A L (NZL)"]
[Result "1-0"]
[WhiteElo "2219"]
[BlackElo "2210"]

1.d4 Nf6 2.c4 e6 3.Nc3 Bb4 4.e3 b6 5.Ne2 Ba6 6.a3 Bxc3+ 7.Nxc3 d5 8.cxd5 Bxf1
9.Kxf1 exd5 10.g4 Qd7 11.Qf3 c6 12.g5 Ng8 13.b4 Ne7 14.a4 O-O 15.Rg1 f6
16.gxf6 Ng6 17.b5 Rxf6 18.bxc6 Rxf3 19.cxd7 Nxd7 20.Nxd5 Raf8 21.Ra2 Rc8
22.Ba3 Rc4 23.Ke2 Rh3 24.Bd6 Rh5 25.Nf4 Nxf4+ 26.Bxf4 Ra5 27.Rga1 g5 28.Bd6
Rd5 29.Bg3 Nf6 30.Kd3 Rc8 31.Rb1 Re8 32.Rb5 g4 33.Rxd5 Nxd5 34.Kc4 Nf6 35.Kb5
Ne4 36.Kc6 Kf7 37.d5 Rc8+ 38.Kb7 Rc5 39.Kxa7 Nc3 40.Kxb6 Rxd5 41.Ra3 {#r} 1-0

[Event "It (open)"]
[Site "masterchessopen.com Buenos Aires (Argentina)"]
[Round "0"]
[White "Debarnot Roberto (ARG)"]
[Black "Benko Francisco (ARG)"]
[Result "1-0"]
[WhiteElo "2405"]
[BlackElo "2036"]

1.d4 Nf6 2.c4 e6 3.Nc3 Bb4 4.e3 b6 5.Ne2 Ba6 6.a3 Bxc3+ 7.Nxc3 d5 8.b3 c5
9.cxd5 Bxf1 10.Rxf1 exd5 11.Bb2 cxd4 12.Qxd4 Nc6 13.Qa4 Rc8 14.O-O-O O-O
15.Kb1 Qd7 16.Ka2 Rfd8 17.Rd2 Qe6 18.Ne2 a5 19.Rc1 Ne4 20.Nf4 Qe8 21.Rxd5 Nc5
22.Qc4 Rxd5 23.Nxd5 a4 24.b4 Nb3 25.Rd1 Qe6 26.Nxb6 Qxc4 27.Nxc4 f6 28.Nb6 Ne5
29.Nxc8 {#r} 1-0

[Event "It (cat.11)"]
[Site "masterchessopen.com Tallinn (Estonia)"]
[Round "0"]
[White "Rytov Boris (RUS)"]
[Black "Timman Jan H (NED)"]
[Result "0-1"]
[WhiteElo "2400"]
[BlackElo "2470"]

1.d4 Nf6 2.c4 e6 3.Nc3 Bb4 4.e3 b6 5.Ne2 Ba6 6.a3 Bxc3+ 7.Nxc3 d5 8.b3 O-O
9.Be2 Nc6 10.b4 Bxc4 11.Bxc4 dxc4 12.Qe2 b5 13.Nxb5 Qd5 14.Nxc7 Qxg2 15.Qf1
Qf3 16.Nxa8 Nxd4 17.exd4 Qc3+ 18.Ke2 Qxa1 19.Qg2 Qa2+ 20.Ke1 Qb1 21.Kd2 Ne4+
22.Ke3 Qd3+ 23.Kf4 g5+ 24.Ke5 Rd8 {#R} 0-1

[Event "Olympiad"]
[Site "masterchessopen.com Nice (France)"]
[Round "4"]
[White "Lee Cecil (TRI)"]
[Black "Filip Miroslav (CZE)"]
[Result "0-1"]
[WhiteElo "1954"]
[BlackElo "2495"]

1.c4 Nf6 2.Nc3 e6 3.d4 Bb4 4.e3 b6 5.Ne2 Ba6 6.a3 Bxc3+ 7.Nxc3 d5 8.b3 Nc6
9.Qf3 Na5 10.Rb1 c6 11.a4 O-O 12.b4 Nxc4 13.b5 cxb5 14.axb5 Bb7 15.Bxc4 Qc7
16.Nxd5 Nxd5 17.Bxd5 Bxd5 18.e4 Qc2 19.exd5 Qxb1 20.O-O Qxb5 21.d6 Qd5 22.Qg3
Rfd8 23.Bf4 f6 24.h4 Rac8 25.Re1 Rc4 26.h5 Rxd4 27.h6 g6 28.Qc3 Qc4 29.Qf3 Qd5
30.Qc3 Qc4 31.Qf3 Qa4 32.Be5 fxe5 33.Qf6 Qd7 34.Rc1 Rxd6 {#R} 0-1

[Event "Olympiad"]
[Site "masterchessopen.com Nice (France)"]
[Round "8"]
[White "McGrillen Hugh (IRL)"]
[Black "Olafsson Fridrik (ISL)"]
[Result "0-1"]
[WhiteElo "2285"]
[BlackElo "2550"]

1.d4 Nf6 2.c4 e6 3.Nc3 Bb4 4.e3 b6 5.Ne2 Ba6 6.a3 Bxc3+ 7.Nxc3 d5 8.cxd5 Bxf1
9.Kxf1 exd5 10.Qf3 O-O 11.g4 Re8 12.Bd2 Qd7 13.Qf5 Re6 14.g5 g6 15.Qh3 Ne4
16.Nxe4 dxe4 17.Qg3 Nc6 18.Rc1 Rc8 19.h4 Ne5 20.Bc3 Nf3 21.Qf4 Qd5 22.Kg2 c6
23.Rh3 a5 24.Rch1 f6 25.Rg3 fxg5 26.hxg5 Re7 {#R} 0-1

[Event "Ch DDR"]
[Site "masterchessopen.com Potsdam (Germany)"]
[Round "6"]
[White "Knaak Rainer (GER)"]
[Black "Neukirch Detlef (GER)"]
[Result "1-0"]
[WhiteElo "2515"]
[BlackElo "2267"]

1.d4 Nf6 2.c4 e6 3.Nc3 Bb4 4.e3 b6 5.Ne2 Ba6 6.Ng3 O-O 7.e4 d5 8.cxd5 Bxc3+
9.bxc3 Bxf1 10.Kxf1 exd5 11.e5 Ne4 12.f3 Ng5 13.Qd3 Ne6 14.Nh5 Nd7 15.Qf5 Qe7
16.h4 g6 17.Qg4 f6 18.Nxf6+ Nxf6 19.exf6 Qxf6 20.Bh6 Rfe8 21.Kf2 c5 22.Rad1
cxd4 23.cxd4 Rac8 24.Rd2 Rc4 25.Re1 Kf7 26.Bg5 Qf5 27.Qxf5+ gxf5 28.Re5 Nxg5
29.Rxf5+ Ke6 30.Re5+ Kf7 31.Rxg5 Rd8 32.g4 b5 33.h5 Rc6 34.Rb2 a6 35.Kg3 Rc4
36.Rd2 Rc6 37.Re2 b4 38.Ree5 Rc4 39.h6 Rxd4 40.Rg7+ Kf6 41.f4 {#r} 1-0

[Event "Ch Denmark (qual)"]
[Site "masterchessopen.com Vejle (Denmark)"]
[Round "8"]
[White "Brinck-Claussen Bjorn (DEN)"]
[Black "Holst Per (DEN)"]
[Result "1-0"]
[WhiteElo "2263"]
[BlackElo "2115"]

1.d4 Nf6 2.c4 e6 3.Nc3 Bb4 4.e3 b6 5.Ne2 Ba6 6.Ng3 Bxc3+ 7.bxc3 d5 8.Be2 O-O
9.cxd5 Bxe2 10.Qxe2 exd5 11.O-O c5 12.Ba3 Nbd7 13.c4 dxc4 14.Qxc4 Rc8 15.Rfd1
cxd4 16.Qxd4 Nc5 17.Nf5 Qc7 18.Qh4 Rce8 19.Nxg7 {#r} 1-0

[Event "It"]
[Site "masterchessopen.com Aarhus (Denmark)"]
[Round "7"]
[White "Rath Ulrik (DEN)"]
[Black "Holst Per (DEN)"]
[Result "1-0"]
[WhiteElo "2336"]
[BlackElo "2115"]

1.c4 e6 2.Nc3 Nf6 3.d4 Bb4 4.e3 b6 5.Ne2 Ba6 6.a3 Bxc3+ 7.Nxc3 d5 8.b3 O-O
9.a4 Nbd7 10.Be2 c5 11.O-O Ne4 12.Nxe4 dxe4 13.Bb2 Bb7 14.a5 Rc8 15.Qd2 Qc7
16.Rfd1 Rfd8 17.d5 exd5 18.cxd5 Nf6 19.d6 Qd7 20.axb6 axb6 21.h3 Ne8 22.Qc3
Ra8 23.Rxa8 Bxa8 24.Bg4 f5 25.Be2 Nf6 26.Bc4+ Kh8 27.Qxf6 gxf6 28.Bxf6+ Qg7
29.Bxd8 Bc6 30.d7 {#r} 1-0

[Event "Tournament (team)"]
[Site "masterchessopen.com Berlin (Germany)"]
[Round "1"]
[White "Zoebisch Herbert (AUT)"]
[Black "Goebel Wolfgang (GER)"]
[Result "1-0"]
[WhiteElo "2149"]
[BlackElo "2130"]

1.d4 Nf6 2.c4 e6 3.Nc3 Bb4 4.e3 b6 5.Ne2 Ba6 6.Ng3 Bxc3+ 7.bxc3 d5 8.Qf3 O-O
9.Be2 Nbd7 10.cxd5 Bxe2 11.Qxe2 exd5 12.f3 Re8 13.O-O c5 14.Bd2 Rc8 15.e4 cxd4
16.cxd4 dxe4 17.fxe4 Nf8 18.Qd3 Ne6 19.Nf5 Rc7 20.e5 Nd5 21.Rf3 f6 22.Nd6 Rf8
23.Qb3 Qa8 24.Qd3 fxe5 25.dxe5 Ndf4 26.Bxf4 Nxf4 27.Qb3+ Kh8 28.Re1 Qd8 29.Qe3
Ne6 30.Ref1 Rxf3 31.Qxf3 Kg8 32.Qd5 Re7 33.Rc1 {#r} 1-0

[Event "Ch World (corr.)"]
[Site "masterchessopen.com corr."]
[Round "0"]
[White "Khasin Abram (RUS)"]
[Black "Sloth Jorn (DEN)"]
[Result "0-1"]
[WhiteElo "2390"]
[BlackElo "2328"]

1.d4 Nf6 2.c4 e6 3.Nc3 Bb4 4.e3 b6 5.Ne2 Ba6 6.a3 Bxc3+ 7.Nxc3 d5 8.Qf3 O-O
9.Be2 c5 10.dxc5 bxc5 11.cxd5 Bxe2 12.Kxe2 exd5 13.Rd1 Nc6 14.Nxd5 Nxd5
15.Rxd5 Qb6 16.Kf1 Rad8 17.e4 Nd4 18.Qd1 Rxd5 19.exd5 Rd8 20.Qa4 Qg6 21.Qc4
Nc2 22.Bg5 Nxa1 23.Bxd8 Qb1+ 24.Ke2 Qxb2+ 25.Ke3 Nb3 26.Bh4 h6 27.Bg3 Qd2+
28.Ke4 Qe1+ 29.Kd3 Qd1+ 30.Ke3 f5 31.d6+ Kf8 32.Be5 g5 33.Qc3 Nc1 34.Bg7+ Kg8
35.Qc4+ Kxg7 36.d7 f4+ {#R} 0-1

[Event "It"]
[Site "masterchessopen.com Eksjo (Sweden)"]
[Round "5"]
[White "Ornstein Axel (SWE)"]
[Black "Hecht Hans-Joachim (GER)"]
[Result "0-1"]
[WhiteElo "2430"]
[BlackElo "2379"]

1.d4 Nf6 2.c4 e6 3.Nc3 Bb4 4.e3 b6 5.Ne2 Ba6 6.Ng3 Bxc3+ 7.bxc3 d5 8.Ba3 dxc4
9.Be2 Qd7 10.Bf3 Nd5 11.Qc2 Nc6 12.O-O O-O-O 13.Rfc1 g5 14.Ne4 g4 15.Be2 f5
16.Nd2 Na5 17.Bb4 Qc6 18.Qd1 f4 19.e4 Nxb4 20.cxb4 Rxd4 21.Qc2 Qd6 22.Qb2 Rd8
23.Nf1 f3 24.gxf3 gxf3 25.Bxf3 Nc6 26.Rcb1 Ne5 27.Bg2 Bb7 28.Qe2 Nd3 29.Qe3
Nf4 30.e5 Nxg2 {#R} 0-1

[Event "Ch Norway"]
[Site "masterchessopen.com Oslo (Norway)"]
[Round "0"]
[White "Wibe Terje (NOR)"]
[Black "Helmers Knut J (NOR)"]
[Result "1-0"]
[WhiteElo "2370"]
[BlackElo "2235"]

1.d4 Nf6 2.c4 e6 3.Nc3 Bb4 4.e3 b6 5.Ne2 Ba6 6.a3 Bxc3+ 7.Nxc3 d5 8.b3 O-O
9.Be2 c5 10.O-O cxd4 11.exd4 Nc6 12.c5 Bxe2 13.Nxe2 bxc5 14.dxc5 d4 15.b4 e5
16.b5 Ne7 17.a4 Nf5 18.Ng3 Nxg3 19.hxg3 Qd5 20.c6 e4 21.Ba3 Rfe8 22.Rc1 e3
23.fxe3 Rxe3 24.c7 Qd7 25.a5 Rxa3 26.b6 axb6 27.axb6 Ne8 28.Re1 Rxg3 29.b7
Rxg2+ 30.Kxg2 Qd5+ 31.Qf3 Ra2+ 32.Kg1 {#r} 1-0

[Event "Ch DDR"]
[Site "masterchessopen.com Stralsund (Germany)"]
[Round "9"]
[White "Knaak Rainer (GER)"]
[Black "Meissner Hans-Juergen (GER)"]
[Result "1-0"]
[WhiteElo "2510"]
[BlackElo "2249"]

1.d4 Nf6 2.c4 e6 3.Nc3 Bb4 4.e3 b6 5.Ne2 Ba6 6.Ng3 Bxc3+ 7.bxc3 d5 8.Ba3 dxc4
9.Be2 Qd7 10.Bf3 Nc6 11.O-O O-O-O 12.e4 Ne7 13.Bxe7 Qxe7 14.Qa4 Kb7 15.e5+ Nd5
16.Ne4 c6 17.Rfb1 Bb5 18.Rxb5 cxb5 19.Qxb5 a6 20.Qxc4 Ka7 21.Qb3 Qc7 22.c4 Ne7
23.Nd6 Nf5 24.Nb5+ {#r} 1-0

[Event "Ch URS (1 liga)"]
[Site "masterchessopen.com Kishinev (Moldova)"]
[Round "0"]
[White "Taimanov Mark E (RUS)"]
[Black "Kuzmin Gennadi P (UKR)"]
[Result "1-0"]
[WhiteElo "2580"]
[BlackElo "2417"]

1.d4 Nf6 2.c4 e6 3.Nc3 Bb4 4.e3 b6 5.Ne2 Ba6 6.a3 Bxc3+ 7.Nxc3 d5 8.b3 O-O
9.Be2 Nc6 10.a4 Re8 11.Bb2 dxc4 12.bxc4 Na5 13.Nb5 c6 14.Na3 Qe7 15.O-O e5
16.dxe5 Nd7 17.f4 f6 18.Rf3 fxe5 19.Rg3 Nb7 20.Bf3 Rac8 21.Nb5 cxb5 22.axb5
Nd6 23.Rxa6 Nf5 24.Rxa7 exf4 25.Rxg7+ Nxg7 26.Rxd7 Qxe3+ 27.Kf1 Re7 28.Rd3 Qc5
29.Ba3 Qg5 30.Bxe7 Qxe7 31.Rd7 Qf6 32.Qd4 Qf8 33.Bd5+ {#r} 1-0

[Event "Ch Argentina"]
[Site "masterchessopen.com Buenos Aires (Argentina)"]
[Round "5"]
[White "Dubin Stephane (FRA)"]
[Black "Gimenez Victor (ARG)"]
[Result "1-0"]
[WhiteElo "2091"]
[BlackElo "2300"]

1.d4 Nf6 2.c4 e6 3.Nc3 Bb4 4.e3 b6 5.Ne2 Ba6 6.a3 Be7 7.Nf4 d5 8.Qf3 O-O
9.cxd5 Bb7 10.e4 exd5 11.e5 Ne4 12.Bd3 Ng5 13.Qg3 Ne4 14.Qf3 Ng5 15.Qg4 Bc8
16.Qe2 c6 17.O-O g6 18.Bd2 a5 19.Rac1 f5 20.Ncxd5 cxd5 21.Nxd5 Ra7 22.Rxc8
Nh3+ 23.gxh3 Qxc8 24.Bc4 Kh8 25.Nxe7 Rxe7 26.d5 h5 27.e6 Rfe8 28.Bb5 Qc7
29.Bc3+ Kh7 30.Bxe8 Rxe8 31.Rd1 {#r} 1-0

[Event "Ch Italy"]
[Site "masterchessopen.com Italy"]
[Round "0"]
[White "Toth Bela (ITA)"]
[Black "Cosulich Roberto (ITA)"]
[Result "1-0"]
[WhiteElo "2405"]
[BlackElo "2425"]

1.d4 Nf6 2.c4 e6 3.Nc3 Bb4 4.e3 b6 5.Ne2 Ba6 6.Ng3 Bxc3+ 7.bxc3 d5 8.Qf3 O-O
9.cxd5 exd5 10.Bxa6 Nxa6 11.Qe2 Nb8 12.O-O c5 13.Ba3 Qc7 14.f3 Re8 15.e4 cxd4
16.cxd4 Nc6 17.Rad1 Na5 18.e5 Nc4 19.Bc1 Qc6 20.Qf2 Nd7 21.f4 f6 22.Rd3 f5
23.Nxf5 Qg6 24.g4 Qxg4+ 25.Ng3 Rad8 26.Qg2 Kh8 27.f5 Qh4 28.f6 {#r} 1-0

[Event "It (b)"]
[Site "masterchessopen.com Wijk aan Zee (Netherlands)"]
[Round "3"]
[White "Farago Ivan (HUN)"]
[Black "Boersma Paulus A (NED)"]
[Result "1-0"]
[WhiteElo "2420"]
[BlackElo "2345"]

1.d4 Nf6 2.c4 e6 3.Nc3 Bb4 4.e3 b6 5.Ne2 Ba6 6.a3 Bxc3+ 7.Nxc3 d5 8.Qf3 O-O
9.cxd5 exd5 10.Bxa6 Nxa6 11.O-O Re8 12.b4 c6 13.Bb2 Nc7 14.Rfc1 Qd7 15.Rc2 Ne4
16.Rac1 Nd6 17.b5 Ncxb5 18.Nxb5 Nxb5 19.Rxc6 Re6 20.Rxe6 fxe6 21.a4 Nd6 22.Ba3
Rc8 23.Rxc8+ Qxc8 24.Qf4 Nc4 25.Be7 Qe8 26.Qc7 Qxa4 27.h4 h5 28.Kh2 a5 29.Qc8+
Kf7 30.Qf8+ Kg6 31.g4 Qd7 32.gxh5+ Kh7 33.h6 Kxh6 34.Qh8+ Kg6 35.h5+ Kf5
36.Qh7+ Kg4 37.Qxg7+ Kf3 38.h6 Nd2 39.h7 Nf1+ 40.Kg1 {#r} 1-0

[Event "Ch Lithuania"]
[Site "masterchessopen.com Klaipeda (Lithuania)"]
[Round "0"]
[White "Moisieev Oleg L (RUS)"]
[Black "Barstatis Reinhardas (LTU)"]
[Result "1-0"]
[WhiteElo "2385"]
[BlackElo "2240"]

1.d4 Nf6 2.c4 e6 3.Nc3 Bb4 4.e3 b6 5.Ne2 Ba6 6.a3 Be7 7.Nf4 O-O 8.e4 d6 9.Bd3
Nbd7 10.b3 Re8 11.O-O Bf8 12.Nfe2 c5 13.Bb2 cxd4 14.Nxd4 Nc5 15.Bc2 d5 16.e5
Nfd7 17.b4 Nxe5 18.bxc5 Nxc4 19.Bc1 bxc5 20.Nf3 g6 21.Ba4 Bg7 22.Bg5 Qa5
23.Bxe8 Bxc3 24.Bc6 Rb8 25.Qc1 f6 26.Qf4 Qd8 27.Rab1 Rb6 28.Rxb6 axb6 29.Bh6
Na5 30.Rc1 Bb2 31.Rb1 Bxa3 32.Qe3 {#r} 1-0

[Event "?"]
[Site "masterchessopen.com Lone Pine (USA)"]
[Round "0"]
[White "Tarjan James E (USA)"]
[Black "Olafsson Helgi (ISL)"]
[Result "1-0"]
[WhiteElo "2495"]
[BlackElo "2270"]

1.d4 Nf6 2.c4 e6 3.Nc3 Bb4 4.e3 b6 5.Ne2 Ba6 6.Ng3 h5 7.h4 Bxc3+ 8.bxc3 d5
9.Qf3 c6 10.e4 dxe4 11.Nxe4 Nxe4 12.Qxe4 Nd7 13.Rh3 Rc8 14.Bg5 Qc7 15.Rf3 Nf8
16.Bd3 Qd7 17.Kf1 f6 18.Bf4 Kf7 19.Re1 Rd8 20.Rg3 Kg8 21.Bc1 Kf7 22.Ba3 Rh6
23.Bc1 Rh8 24.a4 Rc8 25.a5 b5 26.c5 f5 27.Qf3 Ng6 28.Rg5 Rhe8 29.Bxf5 exf5
30.Qxf5+ Kg8 31.Qxd7 b4+ 32.Kg1 Rxe1+ 33.Kh2 Bd3 34.Bf4 b3 35.Be5 Rxe5 36.dxe5
{#r} 1-0

[Event "Match"]
[Site "masterchessopen.com Solingen (Germany)"]
[Round "4"]
[White "Spassky Boris V (FRA)"]
[Black "Huebner Robert Dr (GER)"]
[Result "1-0"]
[WhiteElo "2610"]
[BlackElo "2600"]

1.d4 Nf6 2.c4 e6 3.Nc3 Bb4 4.e3 b6 5.Ne2 Ba6 6.Ng3 Bxc3+ 7.bxc3 d5 8.Ba3 Bxc4
9.Bxc4 dxc4 10.Qa4+ Qd7 11.Qxc4 Qc6 12.Qxc6+ Nxc6 13.c4 e5 14.d5 Na5 15.Rc1 h5
16.Bb2 Nd7 17.O-O f6 18.Ba3 g6 19.Ne4 Rc8 20.c5 f5 21.Ng5 b5 22.Bb4 Nc4 23.c6
Nf6 24.Rfd1 Ne4 25.Nxe4 fxe4 26.a4 a6 27.axb5 axb5 28.Ra1 Kf7 29.Ra7 Kf6
30.Rb7 Rhd8 31.Kf1 Nd6 32.Rc1 Nf5 33.Rxb5 Ne7 34.Rcc5 Rb8 35.d6 Ra8 36.dxe7
Ra1+ 37.Be1 Rdd1 38.e8=N+ Kf7 39.g4 hxg4 40.Kg2 Rxe1 41.Kg3 Kxe8 42.Rxe5+ Kf7
43.Rxe4 Rg1+ 44.Kh4 Rg2 45.Rf4+ Ke7 46.Kg5 Ra2 47.Rd5 Raxf2 48.Rd7+ Ke8
49.Re4+ Kf8 50.Kxg6 {#r} 1-0